00479nam a22001577a 450000500170000000800410001702000180005805000180007610000180009424501120011226000350022430000090025950000190026870000170028770000170030420250324110648.0250324b |||||||| |||| 00| 0 eng d a9780749409036 aHD82b.15 WAL aWaller, Jenny aThe Quality management manual;bhow to write and develop a successful manual for quality management systems aLondonbKohan Page Ltd.cc1993 a206p aincludes index aAllen, Derek aBurns Andrew